00451nam a2200157Ia 4500008004100000020001400041082001400055100001900069245004700088250000700135260003200142300002900174500001900203600002100222650005000243240925s9999 xx 000 0 und d a735700265 a005.1 COR aCornish, Randy 0aMCSD Solution Architectures: traiing guide aNA aBoston:bNew Ridersc,1999. axxx,1259p.bNAfOriginal aIncludes Index aComputer Science aComputer science, information & general works